000 01456cam a2200325 a 4500
999 _c234400
_d234400
001 12813118
003 Nust
005 20170320123850.0
008 020611s2003 nyu 000 1 eng
010 _a 2002068049
020 _a9780749940423
040 _aDLC
_cDLC
_dDLC
050 0 0 _aPS3568.O243
_bB53 2003
082 0 0 _a813.54
_bROB
100 1 _aRoberts, Nora.
245 1 0 _aBirthright /
_cNora Roberts.
260 _aNew York :
_bG.P. Putnam's Sons,
_c2003.
300 _a534 p. ;
_c24 cm.
650 0 _aWomen archaeologists
_vFiction.
650 0 _aDivorced women
_vFiction.
650 0 _aBirthparents
_vFiction.
651 0 _aAntietam Creek Region (Pa. and Md.)
_vFiction.
651 0 _aBlue Ridge Mountains
_vFiction.
655 7 _aRomantic suspense fiction.
_2gsafd
856 4 2 _3Contributor biographical information
_uhttp://www.loc.gov/catdir/enhancements/fy0716/2002068049-b.html
856 4 2 _3Publisher description
_uhttp://www.loc.gov/catdir/enhancements/fy0716/2002068049-d.html
856 4 1 _3Sample text
_uhttp://www.loc.gov/catdir/enhancements/fy0716/2002068049-s.html
906 _a7
_bcbc
_corignew
_d1
_eocip
_f20
_gy-gencatlg
942 _2ddc
_cBK